La Calidad del empleo: la experiencia de los países latinoamericanos y de los Estados Unidos

সংরক্ষণ করুন:
গ্রন্থ-পঞ্জীর বিবরন
প্রধান লেখক: ed.
বিন্যাস: পাঠ‍্য
প্রকাশিত: OIT
বিষয়গুলি:
ট্যাগগুলো: ট্যাগ যুক্ত করুন
কোনো ট্যাগ নেই, প্রথমজন হিসাবে ট্যাগ করুন!

MARC

LEADER 00000 a a2200000 04500
001 32640
003
040
020 |a 92-2-311809-3  
090 |a 199502  
100 |a ed.  
245 |a La Calidad del empleo: la experiencia de los países latinoamericanos y de los Estados Unidos  
260 |a OIT  
300 |a 264 p.  
650 |a CREACION DE EMPLEOS  
650 |a PRODUCTIVIDAD  
650 |a EVALUACION  
650 |a AMERICA LATINA  
650 |a EMPLEO  
999 |c 16580  |d 16580